Prelude to Tiananmen incident K.P. Gupta (Record no. 1318013)

MARC details
000 -LEADER
fixed length control field 00518nam a2200181Ia 4500
005 - DATE AND TIME OF LATEST TRANSACTION
control field 20250507130145.0
008 - FIXED-LENGTH DATA ELEMENTS--GENERAL INFORMATION
fixed length control field 008 250505s9999 xx 000 0 eng d
037 ## - SOURCE OF ACQUISITION
Stock number THE
040 ## - CATALOGING SOURCE
Original cataloging agency EASL
Language of cataloging eng
Transcribing agency EASL
041 ## - LANGUAGE CODE
Language code of text/sound track or separate title eng
Source of code eng
084 ## - COLON CLASSIFICATION NUMBER
Assigning agency EASL
100 ## - MAIN ENTRY--PERSONAL NAME
Personal name Mathur Nalini
9 (RLIN) 536651
245 #0 - TITLE STATEMENT
Title Prelude to Tiananmen incident K.P. Gupta
260 ## - PUBLICATION, DISTRIBUTION, ETC.
Place of publication, distribution, etc. India
Name of publisher, distributor, etc. Delhi. Social Sciences. Chinese & Japanese
Date of publication, distribution, etc. 1990
546 ## - LANGUAGE NOTE
Language note Both Acc. Nos. are of same dissertation
942 ## - ADDED ENTRY ELEMENTS (KOHA)
Koha item type Dissertations

No items available.

Copyright @ Delhi University Library System